| 000 | 00735nam a2200217 a 4500 | ||
|---|---|---|---|
| 001 | 1893 | ||
| 003 | CDMR | ||
| 005 | 20130805115638.0 | ||
| 008 | 130130s2011||||||||||||||||||||||||||||d | ||
| 020 | _a9788493343477 | ||
| 040 |
_aCDMR _bcat _cCPC GIRONA |
||
| 100 | 1 |
_aPradas Baena, Maria Amàlia _91410 |
|
| 245 | 1 | 3 |
_aLa Revista Blanca _b: origen, auge i decadència d'una publicació filollibertària barcelonina (1923-1936) _cMaria Amàlia Pradas Baena |
| 260 |
_bDiputació de Barcelona _aBarcelona |
||
| 260 |
_c2011 _bCol·legi de Periodistes de Catalunya |
||
| 490 | 0 |
_aVaixells de Paper _v34 |
|
| 610 | 2 |
_93374 _aRevista Blanca |
|
| 650 | 0 | 4 |
_93372 _aAnarquisme _zCatalunya |
| 650 | 0 | 4 |
_92769 _aRevistes _zCatalunya |
| 942 |
_cMON _2udc |
||
| 999 |
_c1893 _d1893 |
||